Arte popular de Michoacán (Record no. 10994)

MARC details
000 -CABECERA
campo de control de longitud fija 00962nam a22002417a 4500
001 - NÚMERO DE CONTROL
campo de control BRCA_9372
003 - IDENTIFICADOR DEL NÚMERO DE CONTROL
campo de control FranzMayer
005 - FECHA Y HORA DE LA ÚLTIMA TRANSACCIÓN
campo de control 20230918123654.0
008 - DATOS DE LONGITUD FIJA--INFORMACIÓN GENERAL
campo de control de longitud fija 230830b |||||||| |||| 00| 0 eng d
040 ## - FUENTE DE LA CATALOGACIÓN
Centro catalogador/agencia de origen MFM
Lengua de catalogación Español
Centro/agencia transcriptor MFM
050 #0 - SIGNATURA TOPOGRÁFICA DE LA BIBLIOTECA DEL CONGRESO
Número de clasificación AM151.M6
Número de documento/Ítem R83 1969
100 1# - ENTRADA PRINCIPAL--NOMBRE DE PERSONA
Código de función/relación Autor
Nombre de persona Rubin de la Borbolla, Daniel F
9 (RLIN) 29389
240 ## - TÍTULO UNIFORME
Título uniforme Arte popular de Michoacán
Medio Michoacán en el arte
Lenguaje de la obra Español
245 0# - MENCIÓN DE TÍTULO
Título Arte popular de Michoacán
Resto del título Michoacán en el arte
260 ## - PUBLICACIÓN, DISTRIBUCIÓN, ETC.
Lugar de publicación, distribución, etc. Michoacán, México
Nombre del editor, distribuidor, etc. El Carmen
Fecha de publicación, distribución, etc. 1969
300 ## - DESCRIPCIÓN FÍSICA
Extensión 1 v
Otras características físicas Ilustraciones
Dimensiones 24 cm
500 ## - NOTA GENERAL
Nota general Anexo 1
500 ## - NOTA GENERAL
Nota general El libro contiene fotografías las cuales se añadieron después y podrían llegar a caerse
505 ## - NOTA DE CONTENIDO CON FORMATO
Nota de contenido con formato Texto en: españolIncluye índice temáticoIncluye bibliografíaTexto en: español
650 1# - PUNTO DE ACCESO ADICIONAL DE MATERIA--TÉRMINO DE MATERIA
Fuente del encabezamiento o término Museos
Término de materia o nombre geográfico como elemento de entrada Colecciones
Subdivisión de forma Exposiciones en museos
9 (RLIN) 29390
651 2# - PUNTO DE ACCESO ADICIONAL DE MATERIA--NOMBRE GEOGRÁFICO
Fuente del encabezamiento o término Exposiciones mexicanas
Nombre geográfico Michoacán
Subdivisión de forma Michoacán en el arte
9 (RLIN) 29391
942 ## - ELEMENTOS DE PUNTO DE ACCESO ADICIONAL (KOHA)
Fuente del sistema de clasificación o colocación Library of Congress Classification
Tipo de ítem Koha Libros
Holdings
Estado de retiro Estado de pérdida Fuente del sistema de clasificación o colocación Estado dañado No para préstamo Código de colección Localización permanente Ubicación/localización actual Fecha de adquisición Total de préstamos Signatura topográfica completa Código de barras Fecha visto por última vez Precio válido a partir de Tipo de ítem Koha
El ejemplar forma parte de la colección y puede ser consultado según las políticas vigentes.   Library of Congress Classification     Fondo Contemporáneo Biblioteca del Museo Franz Mayer (Rogerio Casas-Alatriste) Biblioteca del Museo Franz Mayer (Rogerio Casas-Alatriste) 30/08/2023   AM151.M6 R83 1969 CONT10140 30/08/2023 30/08/2023 Libros